000 01343cam a2200349 a 4500
003 CHAP
005 20220329142042.0
008 990429s1998 mx o00110 spa d
010 _a77660
011 _a78632
035 _a88648
040 _cCHAP
082 0 4 _a607
_bP76 N.L.
110 2 _aPrograma Elemental de Asistencia Técnica. México
_992318
245 0 _aEvaluación del programa en el estado de :
_bNuevo León PEAT-97
_c/coord. por Universidad Autónoma Agraria Antonio Narro
260 _aMéxico, D.F. :
_bInstituto Nacional de Capacitación del Sector Agropecuario, A.C.,
_c[1998?]
300 _a85 p. :
_banexos
590 _aBATCH-UPD
_b10
_c20130110
_lUCH01
_h0146
590 _aBATCH-UPD
_b10
_c20130110
_lUCH01
_h1757
590 _aBATCH-UPD
_b10
_c20130409
_lUCH01
_h2145
590 _aBATCH-UPD
_b10
_c20130410
_lUCH01
_h1134
590 _aBATCH-UPD
_b10
_c20130913
_lUCH01
_h2113
590 _aCONVERSION
_b10
_c20130109
_lUCH01
_h1343
650 1 4 _aAgricultura
_xNuevo León.
_91755
650 1 4 _aAyuda técnica.
_99035
650 1 4 _aProgramas de capacitación
_xEvaluación.
_992377
710 0 _aUniversidad Autónoma Agraria Antonio Narro. Saltillo, Coah.
_9116288
901 _aBK
905 _aLilia Sánchez G.
942 _cLIBRO
949 _a607 P76 N.L.
_bBC
_cLIBRO
_d33724000722518
_eLIBRO
_h95140
_i88648
_kDonaciØn
_sb
999 _c77660
_d77660